Every UK Top 10 Song (2010) - Statistics

General Stats
  • This quiz has been taken 13 times
  • The average score is 62 of 210
Answer Stats
Hint Answer % Correct
Alejandro | Bad Romance | Telephone Lady Gaga
90%
Love the Way You Lie | Not Afraid Eminem
80%
Don’t Stop Believin’ Journey
80%
Katy Perry
80%
TikTok Kesha
80%
Empire State of Mind (Part II) | Try Sleeping With a Broken Heart Alicia Keys
70%
Young Forever Jay Z
70%
Only Girl (In The World) | Rude Boy | Russian Roulette | What’s My Name Rihanna
70%
Shame | You Know Me Robbie Williams
70%
Make You Feel My Love Adele
60%
Beyoncé
60%
Baby Justin Bieber
60%
Fireflies Owl City
60%
Dirty Picture | Dynamite Taio Cruz
60%
DJ Got Us Falling In Love | OMG Usher
60%
Airplanes | Nothin’ On You B.o.B
50%
Bruno Mars
50%
Drake
50%
Starry Eyed | Your Song Ellie Goulding
50%
Hayley Williams
50%
In My Head | Ridin’ Solo Jason Derulo
50%
Cooler Than Me Mike Posner
50%
Dancing On My Own Robyn
50%
Snoop Dogg
50%
Frisky | Miami 2 Ibiza | Pass Out | Written In The Stars Tinie Tempah
50%
Vanilla Ice
50%
will.i.am
50%
Meet Me Halfway | The Time (Dirty Bit) Black Eyed Peas
40%
Forget You CeeLo Green
40%
3 Lions David Baddiel
40%
You’ve Got The Love Florence + The Machine
40%
Party Girl | Shine A Light McFly
40%
Nicki Minaj
40%
Pharrell Williams
40%
Pitbull
40%
Killing In The Name Rage Against the Machine
40%
Whip My Hair Willow
40%
Gettin’ Over You | Who’s That Chick David Guetta
30%
Barbra Streisand Duck Sauce
30%
Heartbeat | I Like It Enrique Iglesias
30%
Like A G6 Far East Movement
30%
You’ve Got The Dirtee Love Florence + The Machine
30%
Club Can’t Handle Me Flo Rida
30%
Frank Skinner
30%
Don’t Stop Believin’ | Halo/Walking On Sunshine | Total Eclipse of the Heart Glee Cast
30%
Replay | Solo Iyaz
30%
2012 (It Ain’t the End) Jay Sean
30%
All The Lovers Kylie Minogue
30%
Just a Dream Nelly
30%
Eenie Meenie Sean Kingston
30%
The Flood Take That
30%
Carry Out | If We Ever Meet Again Timbaland
30%
My First Kiss | STARSTRUKK 3OH!3
20%
Akon
20%
All Night Long | Broken Heels | Start Without You Alexandra Burke
20%
Many of Horror Biffy Clyro
20%
3 Words Cheryl Cole
20%
DCup
20%
Dev
20%
Dizzee Rascal
20%
Emeli Sande
20%
Eric Turner
20%
Under Pressure (Ice Ice Baby) Jedward
20%
Love You More | One Shot | The Club is Alive JLS
20%
Justin Timberlake
20%
Katy On a Mission | Lights On Katy B
20%
Wavin’ Flag K’Naan
20%
Lily Allen
20%
Ludacris
20%
When We Collide Matt Cardle
20%
Hold My Hand Michael Jackson
20%
Beautiful Monster Ne-Yo
20%
Nicole Scherzinger
20%
I Need You Tonight | Just Be Good to Green Professor Green
20%
Impossible Shontelle
20%
Wear My Kiss Sugababes
20%
For the First Time The Script
20%
Billionaire Travie McCoy
20%
Safe Westlife
20%
We No Speak Americano Yolanda Be Cool
20%
Bedrock Young Money
20%
Candy Aggro Santos
10%
Cataracs
10%
Parachute | Promise This Cheryl Cole
10%
Look For Me | Until You Were Gone Chipmunk
10%
Chris Willis
10%
Once Diana Vickers
10%
Stereo Love Edward Maya
10%
Pack Up Eliza Doolittle
10%
Esmee Denters
10%
Kickstarts | Won’t Go Quietly Example
10%
Gary Barlow
10%
Everybody Hurts Helping Haiti
10%
Hot Inna
10%
James Corden
10%
Ambitions | The Climb Joe McElderry
10%
Acapella Kelis
10%
Commander Kelly Rowland
10%
Kimberly Wyatt
10%
Radioactive Kings of Leon
10%
Labrinth
10%
Laza Morgan
10%
Leeds Leeds Leeds (Marching on Together) Leeds United Team & Supporters
10%
The Way Love Goes Lemar
10%
Lightning Seeds
10%
Bang Bang Bang Mark Ronson
10%
My Name McLean
10%
Ms Dynamite
10%
Best Behaviour | We Dance On N-Dubz
10%
Please Don’t Let Me Go | Thinking of Me Olly Murs
10%
Watercolour Pendulum
10%
She Said | Stay Too Long Plan B
10%
Good Times | Green Light Roll Deep
10%
This Ain’t A Love Song Scouting For Girls
10%
Naturally Selena Gomez & The Scene
10%
Riverside (Let’s Go) Sidney Samson
10%
One (Your Name) Swedish House Mafia
10%
Ego | Higher | Missing You The Saturdays
10%
All Time Low | Heart Vacancy The Wanted
10%
In My System Tinchy Stryder
10%
Vika Jigulina
10%
Heroes X Factor Finalists 2010
10%
I’m In Love With It (I Wanna Do It) Alex Gaudino
0%
Happiness Alexis Jordan
0%
Angela Hunte
0%
Bodyrox
0%
Gave It All Away Boyzone
0%
Crossfire Brandon Flowers
0%
History Makers Delirious
0%
Ed Drewett
0%
Focus | This Day Emma’s Imagination
0%
She’s Always a Woman Fyfe Dangerfield
0%
On A Mission Gabrielle Aplin
0%
Lloyd
0%
I Need Air Magnetic Man
0%
Ms Hudson
0%
Never Be Your Woman Naughty Boy
0%
You Took My Heart Pepper & Piano
0%
Talay Riley
0%
The Business Intl
0%
Surfin’ Bird The Trashmen
0%
The Best Tina Turner
0%
Wiley
0%
Wizard Sleeve
0%
No matching quizzes found
Score Distribution
Percent of People with Each Score
Percentile by Number Answered
Your Score History
You have not taken this quiz